Body Part Definitions? Quiz Stats

 Plays Quiz Updated Mar 23, 2013

Challenge
Share
Tweet
Embed
Score 0/30 Timer 06:00
6 Plays Today
% Correct
calf
91.6%
foot
90.2%
arm
86.7%
chest
85.9%
appendix
84.3%
heart
84.2%
leg
83.3%
blood
83.1%
colon
82.8%
mouth
82.2%
tongue
81.5%
spine
80.7%
back
80.6%
finger
77.8%
shoulder
77.6%
% Correct
head
75%
hand
74.9%
stomach
72.4%
hip
72.2%
eye
71.3%
nose
68.8%
neck
67.2%
hair
63.6%
cheek
60.8%
ear
58.6%
brain
58%
tooth
58%
heel
57.7%
spleen
41.9%
toe
37.1%

You're not logged in!

Compare scores with friends on all Sporcle quizzes.
Join for Free
OR
Log In

You Might Also Like...

Show Comments

Extras

Top Quizzes Today


Score Distribution

Your Account Isn't Verified!

In order to create a playlist on Sporcle, you need to verify the email address you used during registration. Go to your Sporcle Settings to finish the process.

Report this User

Report this user for behavior that violates our Community Guidelines.

Details: